<?xml version="1.0" encoding="UTF-8"?>
<record
    xmlns:xsi="http://www.w3.org/2001/XMLSchema-instance"
    xsi:schemaLocation="http://www.loc.gov/MARC21/slim http://www.loc.gov/standards/marcxml/schema/MARC21slim.xsd"
    xmlns="http://www.loc.gov/MARC21/slim">

  <leader>01280nam a22002177a 4500</leader>
  <datafield tag="999" ind1=" " ind2=" ">
    <subfield code="c">6313</subfield>
    <subfield code="d">6313</subfield>
  </datafield>
  <controlfield tag="003">DO-SdBJH</controlfield>
  <controlfield tag="005">20220613140141.0</controlfield>
  <controlfield tag="008">210709b           ||||| |||| 00| 0 spa d</controlfield>
  <datafield tag="020" ind1=" " ind2=" ">
    <subfield code="a">978-84-9104-040-8</subfield>
  </datafield>
  <datafield tag="040" ind1=" " ind2=" ">
    <subfield code="a">DO-SdBJH</subfield>
    <subfield code="b">spa</subfield>
    <subfield code="c">DO-SdBJH</subfield>
  </datafield>
  <datafield tag="082" ind1=" " ind2=" ">
    <subfield code="a">172;355,02</subfield>
    <subfield code="b"> P293    2015   </subfield>
  </datafield>
  <datafield tag="100" ind1="1" ind2=" ">
    <subfield code="a"> Pastor, Ben</subfield>
  </datafield>
  <datafield tag="245" ind1=" " ind2=" ">
    <subfield code="a">Cielo de plomo</subfield>
    <subfield code="c">Ben, Pastor</subfield>
  </datafield>
  <datafield tag="260" ind1=" " ind2=" ">
    <subfield code="a">Madrid, Espa&#xF1;a</subfield>
    <subfield code="b"> Alianza Editorial</subfield>
    <subfield code="c">2015</subfield>
  </datafield>
  <datafield tag="300" ind1=" " ind2=" ">
    <subfield code="a">537 p&#xE1;ginas</subfield>
    <subfield code="c">20cm</subfield>
  </datafield>
  <datafield tag="490" ind1=" " ind2=" ">
    <subfield code="v">1320</subfield>
  </datafield>
  <datafield tag="505" ind1=" " ind2=" ">
    <subfield code="a">1-El valor de un objeto no debe definirse en funci&#xF3;n de su precio, sino de la utilidad que puede obtenerse de &#xE9;l       2- 4 de mayo, por la tarde, al norte de Novo Andreievna   3-Merefa, jueves 06 mayo     4-S&#xE1;bado, 08 de mayo          5- Mi&#xE9;rcoles, 12 de mayo      6-Viernes, 14 de m,ayo, antiguo centro especial de detenci&#xF3;n de la Abwehr en jarkov                                    7-Mi&#xE9;rcoles, 19 de mayo, granja Kalekina, de krasny Yar                                         8-Viernes, 21 de mayo, jarkov                                      9- Borovoye, s&#xE1;bado 22 de mayo                                      
</subfield>
  </datafield>
  <datafield tag="650" ind1=" " ind2=" ">
    <subfield code="a">Guerra mundial, 1939-1945  </subfield>
    <subfield code="v">Ucrania, ficci&#xF3;n</subfield>
    <subfield code="2">Sears</subfield>
    <subfield code="y">ocupaci&#xF3;n alemana, 1941-1944</subfield>
  </datafield>
  <datafield tag="700" ind1=" " ind2=" ">
    <subfield code="a">Pilar de Vicente Servio, traductor</subfield>
  </datafield>
  <datafield tag="942" ind1=" " ind2=" ">
    <subfield code="2">ddc</subfield>
    <subfield code="c">BK</subfield>
  </datafield>
  <datafield tag="952" ind1=" " ind2=" ">
    <subfield code="0">0</subfield>
    <subfield code="1">0</subfield>
    <subfield code="2">ddc</subfield>
    <subfield code="4">0</subfield>
    <subfield code="7">0</subfield>
    <subfield code="8">CG</subfield>
    <subfield code="a">BEGEM</subfield>
    <subfield code="b">BEGEM</subfield>
    <subfield code="c">GEN</subfield>
    <subfield code="d">2021-07-09</subfield>
    <subfield code="i"> 21-EERD-01689</subfield>
    <subfield code="l">0</subfield>
    <subfield code="o">172;355,02   P293    2015   </subfield>
    <subfield code="p"> 21-EERD-01689</subfield>
    <subfield code="r">2021-07-09 00:00:00</subfield>
    <subfield code="t">Ej.1</subfield>
    <subfield code="w">2021-07-09</subfield>
    <subfield code="y">BK</subfield>
  </datafield>
</record>
